• 首页
  • 本馆介绍
  • 公告通知
  • 最新文献
  • 馆藏检索
  • 电子资源
  • 读者导购
  • 参考咨询
  • 我的图书馆
  • 登录
  • 详细信息显示
  • 放入我的书架
  • 预约/预借图书
  • 作者相关作品
  • 分类相关作品
  • 丛书相关作品
  • 出版社相关作品

书目信息

  • 表格格式
  • 工作单格式
  • 卡片格式
题名:
汪道昆文学与交游研究
    
 
作者: 刘彭冰 著
分册:  
出版信息: 北京   中国文史出版社  2018.5
页数: 249页
开本: 24cm
丛书名:
单 册:
中图分类: K825.6=48 , I206.48
科图分类:
主题词: 文学家--wen xue jia--人物研究--中国--明代
电子资源:
ISBN: 978-7-5205-0284-9
000 01080nam0 2200277 450
001 2158004093
005 20211011172911.0
010    @a978-7-5205-0284-9@dCNY49.80
100    @a20181026d2018 em y0chiy50 ea
101 0  @achi
102    @aCN@b110000
105    @ay a 000yd
106    @ar
200 1  @a汪道昆文学与交游研究@Awang dao kun wen xue yu jiao you yan jiu@f刘彭冰著
210    @a北京@c中国文史出版社@d2018.5
215    @a249页@d24cm
300    @a本书获华南师范大学“广东省高水平大学建设”科研经费资助
320    @a有书目 (第239-248页)
330    @a本书以“了解之同情”的态度,以实证的方式,从历史的实在,以及历史理解的实在,对汪道昆的文学创作、批评理论,以及生平交游等方面,綜合考察,系统论证。全书资料丰富,学风严谨,富于反思精神,时有新意和创见,并遵循了学术论著规范。
600  0 @a汪道昆,@Awang dao kun ,@f1525-1593@x人物研究
606 0  @a文学家@Awen xue jia@x人物研究@y中国@z明代
690    @aK825.6=48@v5
690    @aI206.48@v5
701  0 @a刘彭冰@Aliu peng bing@4著
801  0 @aCN@b百万庄@c20211007
905    @b1306321-24@dK825.6=48@e1464@f4
    
    汪道昆文学与交游研究/刘彭冰著.-北京:中国文史出版社,2018.5
    249页;24cm
    本书获华南师范大学“广东省高水平大学建设”科研经费资助
    
    ISBN 978-7-5205-0284-9:CNY49.80
    本书以“了解之同情”的态度,以实证的方式,从历史的实在,以及历史理解的实在,对汪道昆的文学创作、批评理论,以及生平交游等方面,綜合考察,系统论证。全书资料丰富,学风严谨,富于反思精神,时有新意和创见,并遵循了学术论著规范。
●
相关链接 在E读中查询图书 在五车中查询图书 在当当中查询图书 在豆瓣中查询图书


正题名:汪道昆文学与交游研究     索取号:K825.6=48/1464         预约/预借

序号 登录号 条形码 馆藏地/架位号 状态 备注
1 1306321   213063218   第二样本阅览室/ [索取号:K825.6=48/1464] 在馆    
2 1306322   213063227   第二借阅区/ [索取号:K825.6=48/1464] 在馆    
3 1306323   213063236   第二借阅区/ [索取号:K825.6=48/1464] 在馆    
4 1306324   213063245   第二借阅区/ [索取号:K825.6=48/1464] 在馆    
唐山师范学院图书馆 欢迎您!
大连网信软件有限公司© 版权所有